000 00969nam a2200229Ia 4500
001 16831
005 20260331172229.0
008 260306t2013||||xx |||||||||||||| ||und||
041 _aESP
082 _a657
_bZ55 2013
100 _aZeballos Zeballos, Erly
_eAUT
245 0 _aContabilidad general
260 _c2013
300 _a511 páginas :
_c24 cm.
650 _aGEN
654 _aCCO
856 _uhttps://itmsp.museknowledge.com/UCSP?url=https://www.ebooks7-24.com:443/?il=14062&pg=1
_zVéase además: Contabilidad general, enfoque NIIF para pymes. Versión digital
856 _uhttps://0u213uunt-y-https-ebooks7--24-com.itmsp.museknowledge.com/biblioteca.aspx
_zVéase además: Base de datos Ebook7-24
856 _uhttps://www.legismovil.pe/LNP.asp
_zVéase además: Base de datos Legis Móvil
856 _uhttps://0u23guuo4-y-https-contadores360-pe.itmsp.museknowledge.com/
_zVéase además: Base de datos Contadores 360
942 _cLIB
_dJUS
_fJUS
_2ddc
999 _c16831
_d16831